000 00777nam a22002417a 4500
005 20180803165526.0
008 100422s2010 ck gr 00010 spa d
020 _a9789587194678
041 _aspa
044 _ack
082 0 4 _a333.7
_bG63e
100 1 _aGómez-Giraldo, Luis Jair
_95949
245 1 0 _aEconomía ecológica, bases operativa : una ecopolitica /
_cLuis Jair Gómez Giraldo
260 3 _aBogotá
_bUniversidad Nacional de Colombia
_bIDEA
_c2010
300 _a175 p. ;
_c23 cm.
490 0 _aIdea
_v17
504 _aIncluye bibliografía.
650 _aEconomía ambiental.
_96092
650 4 _aRecursos naturales
_x Aspectos económicos.
_96093
650 4 _aPolítica ambiental.
_992286
650 4 _aCrecimiento sostenible.
_96095
942 _2ddc
_cCD-ROM
999 _c8106
_d8106